000 01255ngm a2200205 a 4500
005 20210219155242.0
008 051128s1973 mx 123 aaspa d
035 _aUPN01000141282
049 _aAV
050 4 _aPVI B 1333
245 0 0 _aGiordano Bruno /
_cdir. Giuliano Montaldo.
260 _aItalia :
_bCarlo Ponti :
_bChampion Cinematográfica,
_c1973.
300 _a1 videocasete (VHS) (123 min.) :
_bson., col.
500 _aLo mejor del cine contemporáneo
511 1 _aReparto: Gian Maria Volonte, Charlotte Rampling, Mark Burns
520 _aEl monje renacentista es presentado en la Venecia de fines del siglo XVI. Hombre de mente abierta, predica valientemente una religión universal que dispense a la humanidad de las guerras religiosas. El juicio por herejía al que es sometido está representado en la cinta con una intensidad dramática extraordinariamente precisa. Ahí Bruno aparece menos como un detractor del dogma que como un librepensador al que los poderosos jerarcas religiosos sienten como una amenaza. Este extraño precursor, adelantado varias centurias a su tiempo es finalmente llevado a la hoguera.
600 1 4 _aBRUNO, GIORDANO,
_d1548-1600
700 1 _aMontaldo, Giuliano,
_d1925- ,
_edir.
905 _aAudiovisuales
999 _c113429
_d113429